| 000 | 00648nam a2200253Ia 4500 | ||
|---|---|---|---|
| 003 | OSt | ||
| 005 | 20220912151428.0 | ||
| 006 | a|||||r|||| 00| 0 | ||
| 007 | ta | ||
| 008 | 220909b |||||||| |||| 00| 0 eng d | ||
| 024 | _a64905 | ||
| 037 | _cTextual | ||
| 040 |
_aCSL _beng _cCSL |
||
| 041 | _aeng | ||
| 082 | _aC15, M2 | ||
| 100 | _aDeudney Daniel | ||
| 245 | 0 | _aSpace: The high frontier in perspective | |
| 260 |
_aWashington _bWorld Watch Institute _c1982 |
||
| 300 |
_a72p. _ccm. |
||
| 490 | _aWorld watch paper; 50 | ||
| 650 | _aSpace | ||
| 942 |
_hC15, M2 _cTEXL _2CC |
||
| 999 |
_c68426 _d68426 |
||